| 000 | 00636nam a2200205Ii 4500 | ||
|---|---|---|---|
| 003 | JO-AjNU | ||
| 008 | 230605s9999||||xx |||||||||||||| ||und|| | ||
| 017 | _a1978/1687 | ||
| 040 |
_aJO-AjNU _bara _erda _cJO-AjNU |
||
| 041 | _aara | ||
| 050 | 1 | 4 | _aLB1051.T3964 1978 |
| 100 | 3 |
_aالطويل، عزت عبدالعظيم, _eauthor _952869 |
|
| 245 | 0 | 0 | _aركائز علم النفس التعليمي |
| 264 | 3 | 1 | _aالقاهرة: د.ن، 1978 |
| 300 | _a276ص | ||
| 336 |
_atext _btxt _2rdacontent |
||
| 337 |
_aunmediated _bn _2rdamedia |
||
| 338 |
_avolume _bnc _2rdacarrier |
||
| 650 | 4 |
_aعلم النفس التعليمي _952870 |
|
| 999 |
_aA23445 _c27013 _d27013 |
||